000 00719nam a22002057a 4500
999 _c12275
_d12275
003 AR-CdUCM
008 190307b ||||| |||| 00| 0 spa d
040 _aMUNICIPALIDAD PROVINCIAL DEL CUSCO
_cBIBLIOTECA MUNICIPAL DEL CUSCO
082 _22ed.
_aEP / 375.481 /
_bC95
110 _aCentro Bartolomé de Las Casas
_93293
245 _aCuentos Campesinos :
_bKhuyapayakuq Apu y otros cuentos /
260 _aCusco :
_bCentro Bartolomé de Las Casas ;
_c1998.
300 _a28 páginas ;
_bilustraciones
_c21cm
505 _aContenido: Cuentos andinos
650 _aCuentos andinos
_966
650 _aLiteratura cusqueña
_910596
710 _aMinisterio de Educación
_912839
942 _2ddc
_cLIBROS
945 _anom